[Event "ODJM B 2025"]
[Site "Willingen GER"]
[Date "2025.06.08"]
[Round "1"]
[White "Lesser, Luan"]
[Black "Jakob, Lucas"]
[Result "1-0"]
[Termination "normal"]
[Board "17"]
[WhiteElo "1790"]
[BlackElo "1687"]
[WhiteClock "00:11:05"]
[BlackClock "00:56:01"]
[PlyCount "107"]
[WhiteFideId "34640150"]
[BlackFideId "34687181"]
[EventCountry "GER"]
[EventRounds "9"]
[EventType "swiss"]
[EventDate "2025.06.07"]

1. e4 {[%clk 01:30:59]} {[%emt 00:00:01]} c5 {[%clk 01:30:53]} {[%emt
00:00:07]} 2. b4 {[%clk 01:30:33]} {[%emt 00:00:56]} cxb4 {[%clk 01:31:07]}
{[%emt 00:00:16]} 3. a3 {[%clk 01:31:02]} {[%emt 00:00:02]} Nc6 {[%clk
01:30:59]} {[%emt 00:00:37]} 4. d4 {[%clk 01:31:23]} {[%emt 00:00:09]} e6
{[%clk 01:31:02]} {[%emt 00:00:27]} 5. Nf3 {[%clk 01:31:25]} {[%emt 00:00:29]}
Nf6 {[%clk 01:31:16]} {[%emt 00:00:15]} 6. d5 {[%clk 01:27:44]} {[%emt
00:04:12]} bxa3 {[%clk 01:29:51]} {[%emt 00:01:55]} 7. dxc6 {[%clk 01:24:27]}
{[%emt 00:03:47]} Nxe4 {[%clk 01:29:41]} {[%emt 00:00:38]} 8. c3 {[%clk
01:00:28]} {[%emt 00:24:30]} Bc5 {[%clk 01:27:15]} {[%emt 00:02:55]} 9. Be3
{[%clk 00:56:52]} {[%emt 00:04:06]} Bxe3 {[%clk 01:23:16]} {[%emt 00:04:29]}
10. fxe3 {[%clk 00:57:11]} {[%emt 00:00:11]} Qb6 {[%clk 01:22:08]} {[%emt
00:01:38]} 11. Qc1 {[%clk 00:56:04]} {[%emt 00:01:37]} O-O {[%clk 01:21:06]}
{[%emt 00:01:32]} 12. c7 {[%clk 00:51:09]} {[%emt 00:05:25]} d5 {[%clk
01:19:47]} {[%emt 00:01:49]} 13. Rxa3 {[%clk 00:39:01]} {[%emt 00:12:39]} Qxc7
{[%clk 01:19:30]} {[%emt 00:00:46]} 14. Nbd2 {[%clk 00:38:31]} {[%emt
00:01:00]} Nxd2 {[%clk 01:16:18]} {[%emt 00:03:42]} 15. Qxd2 {[%clk 00:37:23]}
{[%emt 00:01:38]} Bd7 {[%clk 01:15:05]} {[%emt 00:01:43]} 16. Be2 {[%clk
00:37:08]} {[%emt 00:00:45]} Rfc8 {[%clk 01:12:46]} {[%emt 00:02:49]} 17. O-O
{[%clk 00:37:21]} {[%emt 00:00:18]} Qc5 {[%clk 01:12:49]} {[%emt 00:00:27]} 18.
Rfa1 {[%clk 00:37:29]} {[%emt 00:00:22]} b5 {[%clk 01:11:42]} {[%emt 00:01:36]}
19. Qd4 {[%clk 00:37:11]} {[%emt 00:00:45]} Qxd4 {[%clk 01:10:46]} {[%emt
00:01:30]} 20. Nxd4 {[%clk 00:36:26]} {[%emt 00:01:14]} Rc7 {[%clk 01:08:28]}
{[%emt 00:02:48]} 21. Nxb5 {[%clk 00:31:19]} {[%emt 00:05:38]} Bxb5 {[%clk
01:07:18]} {[%emt 00:01:39]} 22. Bxb5 {[%clk 00:31:48]} {[%emt 00:00:02]} h6
{[%clk 01:07:13]} {[%emt 00:00:35]} 23. Bd3 {[%clk 00:27:49]} {[%emt 00:04:27]}
g6 {[%clk 01:05:39]} {[%emt 00:02:05]} 24. Rc1 {[%clk 00:28:13]} {[%emt
00:00:07]} Rac8 {[%clk 01:04:40]} {[%emt 00:01:29]} 25. Ba6 {[%clk 00:27:23]}
{[%emt 00:01:20]} Rb8 {[%clk 01:04:37]} {[%emt 00:00:32]} 26. c4 {[%clk
00:27:41]} {[%emt 00:00:12]} dxc4 {[%clk 01:04:45]} {[%emt 00:00:23]} 27. Rxc4
{[%clk 00:27:53]} {[%emt 00:00:17]} Rxc4 {[%clk 01:04:58]} {[%emt 00:00:17]}
28. Bxc4 {[%clk 00:28:22]} {[%emt 00:00:02]} Rb7 {[%clk 01:05:15]} {[%emt
00:00:12]} 29. Kf2 {[%clk 00:28:39]} {[%emt 00:00:11]} Kg7 {[%clk 01:04:54]}
{[%emt 00:00:53]} 30. Kf3 {[%clk 00:29:04]} {[%emt 00:00:06]} Rc7 {[%clk
01:05:03]} {[%emt 00:00:19]} 31. Bd3 {[%clk 00:28:55]} {[%emt 00:00:38]} Rd7
{[%clk 01:05:04]} {[%emt 00:00:30]} 32. Bb5 {[%clk 00:28:48]} {[%emt 00:00:37]}
Rb7 {[%clk 01:05:19]} {[%emt 00:00:14]} 33. Bd3 {[%clk 00:28:36]} {[%emt
00:00:43]} Rd7 {[%clk 01:05:36]} {[%emt 00:00:14]} 34. e4 {[%clk 00:28:57]}
{[%emt 00:00:09]} Rc7 {[%clk 01:05:43]} {[%emt 00:00:24]} 35. Kf4 {[%clk
00:28:39]} {[%emt 00:00:46]} Rb7 {[%clk 01:05:30]} {[%emt 00:00:44]} 36. Be2
{[%clk 00:27:41]} {[%emt 00:01:28]} Rb2 {[%clk 01:05:30]} {[%emt 00:00:30]} 37.
Ke3 {[%clk 00:25:12]} {[%emt 00:02:59]} Rb7 {[%clk 01:05:06]} {[%emt 00:00:55]}
38. Kd4 {[%clk 00:25:08]} {[%emt 00:00:14]} Rc7 {[%clk 01:04:50]} {[%emt
00:01:05]} 39. Ke5 {[%clk 00:24:56]} {[%emt 00:00:39]} Rd7 {[%clk 01:03:27]}
{[%emt 00:01:56]} 40. Ra2 {[%clk 00:21:32]} {[%emt 00:03:55]} Kf8 {[%clk
01:01:05]} {[%emt 00:02:52]} 41. Bb5 {[%clk 00:20:19]} {[%emt 00:01:40]} Rb7
{[%clk 00:59:48]} {[%emt 00:01:49]} 42. Bc6 {[%clk 00:18:36]} {[%emt 00:02:10]}
Rb6 {[%clk 00:59:26]} {[%emt 00:00:56]} 43. Kd6 {[%clk 00:19:04]} {[%emt
00:00:01]} a6 {[%clk 00:59:18]} {[%emt 00:00:38]} 44. Kc7 {[%clk 00:19:21]}
{[%emt 00:00:12]} Rb4 {[%clk 00:59:15]} {[%emt 00:00:35]} 45. Rxa6 {[%clk
00:19:44]} {[%emt 00:00:07]} Rb2 {[%clk 00:59:37]} {[%emt 00:00:07]} 46. e5
{[%clk 00:19:53]} {[%emt 00:00:20]} Re2 {[%clk 00:59:55]} {[%emt 00:00:13]} 47.
Ra8+ {[%clk 00:19:27]} {[%emt 00:00:57]} Kg7 {[%clk 01:00:06]} {[%emt
00:00:17]} 48. Kd6 {[%clk 00:19:49]} {[%emt 00:00:08]} Rd2+ {[%clk 01:00:13]}
{[%emt 00:00:24]} 49. Ke7 {[%clk 00:20:10]} {[%emt 00:00:07]} Rc2 {[%clk
00:59:58]} {[%emt 00:00:47]} 50. Bd7 {[%clk 00:15:03]} {[%emt 00:05:38]} Rd2
{[%clk 00:59:04]} {[%emt 00:01:23]} 51. Ra3 {[%clk 00:10:20]} {[%emt 00:05:14]}
Rxg2 {[%clk 00:55:36]} {[%emt 00:03:57]} 52. Rf3 {[%clk 00:10:36]} {[%emt
00:00:14]} g5 {[%clk 00:55:56]} {[%emt 00:00:11]} 53. Rxf7 {[%clk 00:10:53]}
{[%emt 00:00:13]} Kg6 {[%clk 00:56:01]} {[%emt 00:00:25]} 54. Be8 {[%clk
00:11:05]} {[%emt 00:00:16]} 1-0

[Event "ODJM B 2025"]
[Site "Willingen GER"]
[Date "2025.06.08"]
[Round "1"]
[White "Kühne, Malin"]
[Black "Kutz, Paul Matti"]
[Result "0-1"]
[Termination "normal"]
[Board "18"]
[WhiteElo "1536"]
[BlackElo "1838"]
[WhiteClock "00:10:40"]
[BlackClock "00:01:46"]
[PlyCount "66"]
[WhiteFideId "34619747"]
[BlackFideId "16296265"]
[EventCountry "GER"]
[EventRounds "9"]
[EventType "swiss"]
[EventDate "2025.06.07"]

1. e4 {[%clk 01:30:58]} e6 {[%clk 01:30:49]} {[%emt 00:00:12]} 2. d4 {[%clk
01:31:24]} {[%emt 00:00:04]} d5 {[%clk 01:31:12]} {[%emt 00:00:08]} 3. Nc3
{[%clk 01:31:45]} {[%emt 00:00:08]} Bb4 {[%clk 01:31:25]} {[%emt 00:00:17]} 4.
Nge2 {[%clk 01:31:40]} {[%emt 00:00:35]} dxe4 {[%clk 01:31:21]} {[%emt
00:00:33]} 5. a3 {[%clk 01:32:03]} {[%emt 00:00:07]} Bxc3+ {[%clk 01:31:44]}
{[%emt 00:00:07]} 6. Nxc3 {[%clk 01:32:28]} {[%emt 00:00:05]} Nf6 {[%clk
01:32:09]} {[%emt 00:00:06]} 7. Bg5 {[%clk 01:31:55]} {[%emt 00:01:02]} Nc6
{[%clk 01:31:09]} {[%emt 00:01:31]} 8. Bb5 {[%clk 01:30:28]} {[%emt 00:01:56]}
Bd7 {[%clk 01:30:55]} {[%emt 00:00:45]} 9. Nxe4 {[%clk 01:27:50]} {[%emt
00:03:08]} a6 {[%clk 01:30:20]} {[%emt 00:01:05]} 10. Ba4 {[%clk 01:24:27]}
{[%emt 00:03:52]} b5 {[%clk 01:21:52]} {[%emt 00:08:59]} 11. Bb3 {[%clk
01:22:28]} {[%emt 00:02:29]} Bc8 {[%clk 01:21:19]} {[%emt 00:01:03]} 12. Qf3
{[%clk 01:05:41]} {[%emt 00:17:16]} Nxd4 {[%clk 01:11:55]} {[%emt 00:09:55]}
13. Nxf6+ {[%emt 00:00:46]} gxf6 {[%clk 01:12:19]} {[%emt 00:00:04]} 14. Qxa8
{[%clk 00:47:00]} {[%emt 00:18:56]} fxg5 {[%clk 01:11:06]} {[%emt 00:01:44]}
15. Rd1 {[%clk 00:44:11]} {[%emt 00:03:19]} O-O {[%clk 00:49:40]} {[%emt
00:21:56]} 16. c3 {[%clk 00:32:49]} {[%emt 00:11:52]} c6 {[%clk 00:43:37]}
{[%emt 00:06:32]} 17. Qb8 {[%clk 00:29:27]} {[%emt 00:03:51]} e5 {[%clk
00:31:57]} {[%emt 00:12:11]} 18. Qa7 {[%clk 00:23:47]} {[%emt 00:06:07]} Qa5
{[%clk 00:29:31]} {[%emt 00:03:00]} 19. Ba2 {[%clk 00:22:54]} {[%emt 00:01:23]}
Nc2+ {[%clk 00:21:21]} {[%emt 00:08:39]} 20. Ke2 {[%clk 00:22:56]} {[%emt
00:00:20]} b4 {[%clk 00:15:27]} {[%emt 00:06:32]} 21. Bb3 {[%clk 00:20:40]}
{[%emt 00:02:46]} Bf5 {[%clk 00:13:49]} {[%emt 00:02:08]} 22. Rd2 {[%clk
00:15:30]} {[%emt 00:05:40]} bxc3 {[%clk 00:11:26]} {[%emt 00:02:54]} 23. Bxc2
{[%clk 00:12:28]} {[%emt 00:03:31]} Qb5+ {[%clk 00:09:30]} {[%emt 00:02:25]}
24. Bd3 {[%clk 00:11:41]} {[%emt 00:01:17]} Bxd3+ {[%clk 00:09:51]} {[%emt
00:00:10]} 25. Rxd3 {[%clk 00:12:04]} {[%emt 00:00:07]} e4 {[%clk 00:05:54]}
{[%emt 00:04:27]} 26. Qd4 {[%clk 00:10:53]} {[%emt 00:01:37]} exd3+ {[%clk
00:04:10]} {[%emt 00:02:18]} 27. Kf3 {[%clk 00:10:15]} {[%emt 00:01:08]} Qf5+
{[%clk 00:02:23]} {[%emt 00:02:14]} 28. Kg3 {[%clk 00:10:14]} {[%emt 00:00:34]}
c2 {[%clk 00:01:11]} {[%emt 00:01:42]} 29. Re1 {[%clk 00:10:11]} {[%emt
00:00:32]} Qf4+ {[%clk 00:00:32]} {[%emt 00:01:10]} 30. Qxf4 {[%clk 00:10:21]}
{[%emt 00:00:21]} gxf4+ {[%clk 00:00:55]} {[%emt 00:00:07]} 31. Kxf4 {[%clk
00:10:40]} {[%emt 00:00:10]} d2 {[%clk 00:01:15]} {[%emt 00:00:10]} 32. Re3
{[%clk 00:10:47]} {[%emt 00:00:23]} c1=Q {[%clk 00:01:32]} {[%emt 00:00:12]}
33. Kf5 {[%clk 00:10:40]} {[%emt 00:00:38]} d1=Q {[%clk 00:01:46]} {[%emt
00:00:15]} 0-1

[Event "ODJM B 2025"]
[Site "Willingen GER"]
[Date "2025.06.08"]
[Round "1"]
[White "Özkurt, Kaan"]
[Black "Asmussen, Johann"]
[Result "1-0"]
[Termination "normal"]
[Board "19"]
[WhiteElo "1779"]
[BlackElo "1563"]
[WhiteClock "00:02:14"]
[BlackClock "00:28:27"]
[PlyCount "75"]
[WhiteFideId "34655182"]
[BlackFideId "16273486"]
[EventCountry "GER"]
[EventRounds "9"]
[EventType "swiss"]
[EventDate "2025.06.07"]

1. e4 {[%clk 01:30:57]} {[%emt 00:00:02]} Nc6 {[%clk 01:30:56]} {[%emt
00:00:05]} 2. Nf3 {[%clk 01:31:21]} {[%emt 00:00:05]} d5 {[%clk 01:31:21]}
{[%emt 00:00:06]} 3. exd5 {[%clk 01:31:00]} {[%emt 00:00:51]} Qxd5 {[%clk
01:31:44]} {[%emt 00:00:07]} 4. Nc3 {[%clk 01:30:54]} {[%emt 00:00:35]} Qa5
{[%clk 01:32:10]} {[%emt 00:00:05]} 5. Be2 {[%clk 01:29:48]} {[%emt 00:01:36]}
Bg4 {[%clk 01:31:52]} {[%emt 00:00:48]} 6. O-O {[%clk 01:29:37]} {[%emt
00:00:41]} O-O-O {[%clk 01:32:06]} {[%emt 00:00:17]} 7. d3 {[%clk 01:26:05]}
{[%emt 00:04:02]} e5 {[%clk 01:30:43]} {[%emt 00:01:52]} 8. Be3 {[%clk
01:22:11]} {[%emt 00:04:24]} Be7 {[%clk 01:28:09]} {[%emt 00:03:04]} 9. a3
{[%clk 01:21:23]} {[%emt 00:01:18]} Bxf3 {[%clk 01:27:11]} {[%emt 00:01:27]}
10. Bxf3 {[%clk 01:21:34]} {[%emt 00:00:20]} Nd4 {[%clk 01:26:38]} {[%emt
00:01:03]} 11. Bxd4 {[%clk 01:17:02]} {[%emt 00:05:02]} exd4 {[%clk 01:26:54]}
{[%emt 00:00:14]} 12. Ne4 {[%clk 01:16:19]} {[%emt 00:01:13]} Nf6 {[%clk
01:26:07]} {[%emt 00:01:18]} 13. Nd2 {[%clk 01:13:17]} {[%emt 00:03:31]} Rhe8
{[%clk 01:25:16]} {[%emt 00:01:21]} 14. Nc4 {[%clk 01:06:10]} {[%emt 00:07:37]}
Qg5 {[%clk 01:22:47]} {[%emt 00:02:59]} 15. Rb1 {[%clk 01:02:12]} {[%emt
00:04:28]} Bc5 {[%clk 01:15:43]} {[%emt 00:07:33]} 16. c3 {[%clk 00:56:56]}
{[%emt 00:05:47]} Bb6 {[%clk 01:14:08]} {[%emt 00:02:05]} 17. Nxb6+ {[%clk
00:50:27]} {[%emt 00:06:59]} axb6 {[%clk 01:14:25]} {[%emt 00:00:13]} 18. Qa4
{[%clk 00:49:57]} {[%emt 00:00:59]} Qa5 {[%clk 01:13:40]} {[%emt 00:01:15]} 19.
Qc4 {[%clk 00:48:13]} {[%emt 00:02:14]} dxc3 {[%clk 01:13:27]} {[%emt
00:00:44]} 20. bxc3 {[%clk 00:48:15]} {[%emt 00:00:28]} Re6 {[%clk 01:09:39]}
{[%emt 00:04:18]} 21. Rb5 {[%clk 00:40:04]} {[%emt 00:08:41]} Qxa3 {[%clk
01:09:05]} {[%emt 00:01:04]} 22. Rfb1 {[%clk 00:39:44]} {[%emt 00:00:50]} Rde8
{[%clk 01:02:45]} {[%emt 00:06:50]} 23. g3 {[%clk 00:36:08]} {[%emt 00:04:05]}
Kb8 {[%clk 00:55:41]} {[%emt 00:07:34]} 24. Qf4 {[%clk 00:30:26]} {[%emt
00:06:13]} Qxc3 {[%clk 00:49:31]} {[%emt 00:06:40]} 25. Rxb6 {[%clk 00:28:33]}
{[%emt 00:02:23]} Rxb6 {[%clk 00:47:35]} {[%emt 00:02:26]} 26. Rxb6 {[%clk
00:28:52]} {[%emt 00:00:11]} Qe5 {[%clk 00:46:10]} {[%emt 00:01:54]} 27. Rxb7+
{[%clk 00:28:26]} {[%emt 00:00:57]} Kc8 {[%clk 00:46:32]} {[%emt 00:00:07]} 28.
Qa4 {[%clk 00:28:01]} {[%emt 00:00:55]} Kd8 {[%clk 00:44:01]} {[%emt 00:03:02]}
29. Be4 {[%clk 00:16:54]} {[%emt 00:11:37]} Qd6 {[%clk 00:40:14]} {[%emt
00:04:15]} 30. Qc4 {[%clk 00:15:09]} {[%emt 00:02:16]} Nxe4 {[%clk 00:39:48]}
{[%emt 00:00:56]} 31. dxe4 {[%clk 00:07:41]} {[%emt 00:07:58]} Re6 {[%clk
00:35:42]} {[%emt 00:04:37]} 32. Qb5 {[%clk 00:05:28]} {[%emt 00:02:43]} Qc6
{[%clk 00:29:46]} {[%emt 00:06:25]} 33. Qg5+ {[%clk 00:03:44]} {[%emt
00:02:13]} Kd7 {[%clk 00:29:33]} {[%emt 00:00:44]} 34. Rb5 {[%clk 00:02:53]}
{[%emt 00:01:21]} Rxe4 {[%clk 00:29:01]} {[%emt 00:01:02]} 35. Rd5+ {[%clk
00:02:35]} {[%emt 00:00:48]} Kc8 {[%clk 00:29:01]} {[%emt 00:00:30]} 36. Rd1
{[%clk 00:01:45]} {[%emt 00:01:21]} Qf6 {[%clk 00:28:26]} {[%emt 00:01:05]} 37.
Qd5 {[%clk 00:01:53]} {[%emt 00:00:21]} Re6 {[%clk 00:28:27]} {[%emt 00:00:30]}
38. Qa8# {[%clk 00:02:14]} {[%emt 00:00:08]} 1-0

[Event "ODJM B 2025"]
[Site "Willingen GER"]
[Date "2025.06.08"]
[Round "1"]
[White "Jones, Colin"]
[Black "Schächtelin, Jakob"]
[Result "0-1"]
[Termination "normal"]
[Board "20"]
[WhiteElo "1531"]
[BlackElo "1811"]
[WhiteClock "01:02:55"]
[BlackClock "00:26:36"]
[PlyCount "96"]
[WhiteFideId "533043655"]
[BlackFideId "34620834"]
[EventCountry "GER"]
[EventRounds "9"]
[EventType "swiss"]
[EventDate "2025.06.07"]

1. e4 {[%clk 01:30:56]} {[%emt 00:00:04]} c5 {[%clk 01:30:56]} {[%emt
00:00:05]} 2. Nf3 {[%clk 01:31:16]} {[%emt 00:00:09]} d6 {[%clk 01:31:23]}
{[%emt 00:00:03]} 3. c3 {[%clk 01:31:31]} {[%emt 00:00:16]} Nf6 {[%clk
01:31:48]} {[%emt 00:00:04]} 4. d3 {[%clk 01:31:39]} {[%emt 00:00:22]} g6
{[%clk 01:31:51]} {[%emt 00:00:27]} 5. Be2 {[%clk 01:31:53]} {[%emt 00:00:16]}
Bg7 {[%clk 01:32:14]} {[%emt 00:00:07]} 6. O-O {[%clk 01:31:51]} {[%emt
00:00:33]} O-O {[%clk 01:32:14]} {[%emt 00:00:29]} 7. Re1 {[%clk 01:32:01]}
{[%emt 00:00:21]} a6 {[%clk 01:30:21]} {[%emt 00:02:23]} 8. Nbd2 {[%clk
01:32:10]} {[%emt 00:00:21]} e5 {[%clk 01:27:36]} {[%emt 00:03:15]} 9. d4
{[%clk 01:31:47]} {[%emt 00:00:53]} cxd4 {[%clk 01:26:10]} {[%emt 00:01:55]}
10. cxd4 {[%clk 01:32:00]} {[%emt 00:00:18]} exd4 {[%clk 01:26:31]} {[%emt
00:00:09]} 11. Nxd4 {[%clk 01:32:15]} {[%emt 00:00:14]} Re8 {[%clk 01:24:26]}
{[%emt 00:02:34]} 12. Bc4 {[%clk 01:30:27]} {[%emt 00:02:20]} d5 {[%clk
01:21:49]} {[%emt 00:03:06]} 13. exd5 {[%clk 01:30:22]} {[%emt 00:00:35]} Rxe1+
{[%clk 01:21:51]} {[%emt 00:00:28]} 14. Qxe1 {[%clk 01:30:46]} {[%emt
00:00:07]} b5 {[%clk 01:19:39]} {[%emt 00:02:42]} 15. Bb3 {[%clk 01:29:51]}
{[%emt 00:01:25]} Bb7 {[%clk 01:18:01]} {[%emt 00:02:06]} 16. N2f3 {[%clk
01:29:05]} {[%emt 00:01:18]} Bxd5 {[%clk 01:15:50]} {[%emt 00:02:40]} 17. Bxd5
{[%clk 01:28:48]} {[%emt 00:00:47]} Qxd5 {[%clk 01:15:08]} {[%emt 00:01:11]}
18. Bg5 {[%clk 01:28:43]} {[%emt 00:00:36]} Nbd7 {[%clk 01:13:41]} {[%emt
00:01:55]} 19. b3 {[%clk 01:28:20]} {[%emt 00:00:55]} Re8 {[%clk 01:11:19]}
{[%emt 00:02:51]} 20. Be3 {[%clk 01:27:39]} {[%emt 00:01:12]} Ng4 {[%clk
01:09:13]} {[%emt 00:02:36]} 21. Rd1 {[%clk 01:26:12]} {[%emt 00:01:58]} Nxe3
{[%clk 01:05:31]} {[%emt 00:04:11]} 22. fxe3 {[%clk 01:26:24]} {[%emt
00:00:18]} Ne5 {[%clk 01:02:06]} {[%emt 00:03:54]} 23. h3 {[%clk 01:23:02]}
{[%emt 00:03:53]} Qe4 {[%clk 00:59:52]} {[%emt 00:02:44]} 24. Ng5 {[%clk
01:21:23]} {[%emt 00:02:08]} Qb7 {[%clk 00:55:47]} {[%emt 00:04:35]} 25. Qf2
{[%clk 01:18:39]} {[%emt 00:03:15]} Qe7 {[%clk 00:50:40]} {[%emt 00:05:37]} 26.
Ne4 {[%clk 01:15:27]} {[%emt 00:03:42]} Ng4 {[%clk 00:47:14]} {[%emt 00:03:54]}
27. hxg4 {[%clk 01:13:05]} {[%emt 00:02:53]} Qxe4 {[%clk 00:47:07]} {[%emt
00:00:37]} 28. Nc2 {[%clk 01:12:41]} {[%emt 00:00:55]} Qxg4 {[%clk 00:45:18]}
{[%emt 00:02:18]} 29. Rf1 {[%clk 01:12:23]} {[%emt 00:00:49]} Qe6 {[%clk
00:42:31]} {[%emt 00:03:16]} 30. Qf3 {[%clk 01:10:54]} {[%emt 00:02:00]} f5
{[%clk 00:39:52]} {[%emt 00:03:08]} 31. Re1 {[%clk 01:10:42]} {[%emt 00:00:43]}
Rc8 {[%clk 00:38:40]} {[%emt 00:01:41]} 32. Re2 {[%clk 01:10:43]} {[%emt
00:00:31]} Qd7 {[%clk 00:37:47]} {[%emt 00:01:22]} 33. Rf2 {[%clk 01:09:45]}
{[%emt 00:01:29]} Qd3 {[%clk 00:36:29]} {[%emt 00:01:46]} 34. Ne1 {[%clk
01:08:10]} {[%emt 00:02:06]} Rc1 {[%clk 00:34:35]} {[%emt 00:02:23]} 35. Rf1
{[%clk 01:08:23]} {[%emt 00:00:18]} Qd2 {[%clk 00:33:16]} {[%emt 00:01:49]} 36.
Qg3 {[%clk 01:07:26]} {[%emt 00:01:27]} Bh6 {[%clk 00:28:06]} {[%emt 00:05:39]}
37. Qb8+ {[%clk 01:05:35]} {[%emt 00:02:23]} Bf8 {[%clk 00:26:59]} {[%emt
00:01:35]} 38. Qg3 {[%clk 01:05:44]} {[%emt 00:00:22]} Bd6 {[%clk 00:26:04]}
{[%emt 00:01:24]} 39. Qh4 {[%clk 01:01:43]} {[%emt 00:04:32]} Qxe3+ {[%clk
00:25:18]} {[%emt 00:01:14]} 40. Kh1 {[%clk 01:02:09]} {[%emt 00:00:06]} Be7
{[%clk 00:24:23]} {[%emt 00:01:25]} 41. Qh2 {[%clk 01:01:47]} {[%emt 00:00:52]}
Rxe1 {[%clk 00:23:57]} {[%emt 00:00:56]} 42. Rxe1 {[%clk 01:00:38]} {[%emt
00:01:39]} Qxe1+ {[%clk 00:24:20]} {[%emt 00:00:07]} 43. Qg1 {[%clk 01:01:05]}
{[%emt 00:00:03]} Qxg1+ {[%clk 00:24:32]} {[%emt 00:00:18]} 44. Kxg1 {[%clk
01:01:30]} {[%emt 00:00:05]} Kf7 {[%clk 00:24:55]} {[%emt 00:00:07]} 45. Kf2
{[%clk 01:01:52]} {[%emt 00:00:07]} g5 {[%clk 00:25:19]} {[%emt 00:00:06]} 46.
Kf3 {[%clk 01:02:17]} {[%emt 00:00:06]} Ke6 {[%clk 00:25:43]} {[%emt 00:00:06]}
47. Ke2 {[%clk 01:02:31]} {[%emt 00:00:16]} Ke5 {[%clk 00:26:10]} {[%emt
00:00:03]} 48. Ke3 {[%clk 01:02:55]} {[%emt 00:00:06]} Bc5+ {[%clk 00:26:36]}
{[%emt 00:00:04]} 0-1

[Event "ODJM B 2025"]
[Site "Willingen GER"]
[Date "2025.06.08"]
[Round "1"]
[White "Stülcken, Philipp"]
[Black "Huppert, Anna"]
[Result "1-0"]
[Termination "normal"]
[Board "21"]
[WhiteElo "1780"]
[BlackElo "1630"]
[WhiteClock "00:33:53"]
[BlackClock "00:00:55"]
[PlyCount "53"]
[WhiteFideId "12986232"]
[BlackFideId "16214439"]
[EventCountry "GER"]
[EventRounds "9"]
[EventType "swiss"]
[EventDate "2025.06.07"]

1. e4 {[%clk 01:30:53]} {[%emt 00:00:05]} e6 {[%clk 01:30:54]} {[%emt
00:00:06]} 2. d4 {[%clk 01:31:16]} {[%emt 00:00:08]} d5 {[%clk 01:31:19]}
{[%emt 00:00:05]} 3. Nc3 {[%clk 01:31:39]} {[%emt 00:00:06]} Nf6 {[%clk
01:31:41]} {[%emt 00:00:08]} 4. e5 {[%clk 01:32:00]} {[%emt 00:00:10]} Nfd7
{[%clk 01:32:04]} {[%emt 00:00:07]} 5. Nce2 {[%clk 01:31:49]} {[%emt 00:00:41]}
c5 {[%clk 01:30:58]} {[%emt 00:01:36]} 6. c3 {[%clk 01:32:06]} {[%emt
00:00:13]} Nc6 {[%clk 01:31:01]} {[%emt 00:00:27]} 7. f4 {[%clk 01:32:00]}
{[%emt 00:00:36]} cxd4 {[%clk 01:25:26]} {[%emt 00:06:05]} 8. cxd4 {[%clk
01:30:42]} {[%emt 00:01:47]} Qh4+ {[%clk 01:14:44]} {[%emt 00:11:11]} 9. g3
{[%clk 01:27:22]} {[%emt 00:03:50]} Qd8 {[%clk 01:04:23]} {[%emt 00:10:52]} 10.
Nf3 {[%clk 01:25:03]} {[%emt 00:02:48]} Be7 {[%clk 01:01:41]} {[%emt 00:03:11]}
11. Bh3 {[%clk 01:20:40]} {[%emt 00:04:54]} b5 {[%clk 00:56:31]} {[%emt
00:05:41]} 12. O-O {[%clk 01:18:40]} {[%emt 00:02:30]} h5 {[%clk 00:48:31]}
{[%emt 00:08:29]} 13. Bd2 {[%clk 01:08:10]} {[%emt 00:11:01]} f5 {[%clk
00:40:24]} {[%emt 00:08:37]} 14. exf6 {[%clk 01:02:59]} {[%emt 00:05:41]} Nxf6
{[%clk 00:40:21]} {[%emt 00:00:32]} 15. Qc2 {[%clk 01:02:13]} {[%emt 00:01:16]}
Qd6 {[%clk 00:30:33]} {[%emt 00:10:18]} 16. Qg6+ {[%clk 00:58:06]} {[%emt
00:04:37]} Kf8 {[%clk 00:30:18]} {[%emt 00:00:45]} 17. Ne5 {[%clk 00:55:59]}
{[%emt 00:02:37]} Nd8 {[%clk 00:29:28]} {[%emt 00:01:21]} 18. f5 {[%clk
00:46:04]} {[%emt 00:10:25]} Kg8 {[%clk 00:22:39]} {[%emt 00:07:18]} 19. Bg5
{[%clk 00:35:41]} {[%emt 00:10:53]} exf5 {[%clk 00:13:26]} {[%emt 00:09:43]}
20. Bxf5 {[%clk 00:34:32]} {[%emt 00:01:39]} Bxf5 {[%clk 00:07:09]} {[%emt
00:06:47]} 21. Rxf5 {[%clk 00:33:58]} {[%emt 00:01:05]} Rc8 {[%clk 00:01:51]}
{[%emt 00:05:47]} 22. Raf1 {[%clk 00:33:31]} {[%emt 00:00:57]} Rc7 {[%clk
00:00:43]} {[%emt 00:01:38]} 23. Bxf6 {[%clk 00:33:12]} {[%emt 00:00:48]} Bxf6
{[%clk 00:00:47]} {[%emt 00:00:27]} 24. Rxf6 {[%clk 00:33:20]} {[%emt
00:00:22]} Qe7 {[%clk 00:00:35]} {[%emt 00:00:42]} 25. Rf8+ {[%clk 00:33:06]}
{[%emt 00:00:44]} Qxf8 {[%clk 00:00:32]} {[%emt 00:00:33]} 26. Rxf8+ {[%clk
00:33:31]} {[%emt 00:00:05]} Kxf8 {[%clk 00:00:55]} {[%emt 00:00:08]} 27. Qd6+
{[%clk 00:33:53]} {[%emt 00:00:07]} 1-0